00838nam a2200205 a 4500001001000000003000500010005001700015008004100032010001100073011001100084040000900095100003300104245013000137260004100267500006000308502010900368650004300477650004200520856007000562000116052CHAP20220329144558.0190902s2019 mx a sm |||||||spa d a112513 a113485 cCHAP1 aHernández Torres, Bulmaro.10aPruebas de infección de Nacobbus Aberrans en plantas de jitomate cv miroma /h[En línea]cpor Bulmaro Hernández Torres. aChapingo, Méx. :bEl autor,c2019. aPara ver el contenido del material haga clic en la liga aTesis (Ing. Agr. Esp. en Parasitología Agrícola) -- UACH. Departamento de Parasitología Agrícola14aCultivos en invernaderoxEnfermedades.14aTomatexEnfermedades por nemátodos. aFinding aiduhttp://10.13.5.2/tesis/sist116052.pdfzTeclea aquí